La tutela judicial del tercero: estudio sobre la legitimización indirecta, individual y colectiva, en el proceso civil
Bewaard in:
| Hoofdauteur: | |
|---|---|
| Formaat: | Boek |
| Taal: | Spaans |
| Gepubliceerd in: |
Madrid
Dijusa
2005
|
| Onderwerpen: | |
| Tags: |
Voeg label toe
Geen labels, Wees de eerste die dit record labelt!
|
MARC
| LEADER | 00000nam a2200000 a 4500 | ||
|---|---|---|---|
| 001 | UCJ1120 | ||
| 003 | CL-VaPUC | ||
| 008 | 060929e20050000SP |||||||||||||||||spa|d | ||
| 020 | |a 8495748606 | ||
| 082 | 0 | 4 | |a 342.46 |b CAB |2 21 |
| 100 | 0 | |a Cabañas García, Juan Carlos |e author |9 501662 | |
| 245 | 1 | 3 | |a La tutela judicial del tercero: estudio sobre la legitimización indirecta, individual y colectiva, en el proceso civil |
| 300 | |a 368 p | ||
| 942 | |c BK | ||
| 945 | |d 20060929 00:00:00 |a jtorresc | ||
| 260 | |a Madrid |b Dijusa |c 2005 | ||
| 500 | |a www.dijusa.es | ||
| 650 | 0 | |a Derecho constitucional |9 222588 | |
| 650 | 0 | |a Derecho administrativo |9 254851 | |
| 650 | 0 | |a Tutela judicial |9 481136 | |
| 650 | 7 | |a DERECHO LABORAL |2 CL-VaPUC |9 15 | |
| 583 | |a last modification |c 20060929 00:00:00 |k Rodrigo Vera | ||
| 999 | |c 317833 |d 317831 | ||
| 952 | |0 0 |1 0 |4 0 |6 342_460000000000000_CAB_2005 |7 0 |8 A |9 394812 |a BIBDER |b BIBDER |d 2019-11-22 |i 4281888 |o 342.46 CAB 2005 |p 4281888 |r 2023-01-25 |w 2019-11-22 |y BK |k DER | ||